Countries with Animals in their Flags - Statistics

General Stats
  • This quiz has been taken 171 times
    154 since last reset
  • The average score is 15 of 23
Answer Stats
Picture Answer % Correct
Albania
98%
Bhutan
90%
Kazakhstan
82%
Egypt
80%
Sri Lanka
78%
Mexico
77%
Papua New Guinea
77%
Montenegro
76%
Uganda
75%
Ecuador
74%
Fiji
71%
Moldova
71%
Serbia
71%
Zambia
68%
Dominica
65%
Zimbabwe
62%
Kiribati
58%
Andorra
56%
Guatemala
56%
Paraguay
47%
Croatia
30%
Peru
30%
Spain
29%
No matching quizzes found
Score Distribution
Percent of People with Each Score
Percentile by Number Answered
Your Score History
You have not taken this quiz since the last reset